Normal view
MARC view
Entry Topical Term
001 - CONTROL NUMBER
- control field: 2286
003 - CONTROL NUMBER IDENTIFIER
- control field: OSt
005 - DATE AND TIME OF LATEST TRANSACTION
- control field: 20150716125556.0
008 - FIXED-LENGTH DATA ELEMENTS
- fixed length control field: 150716|| aca||aabn | a|a d
040 ## - CATALOGING SOURCE
- Original cataloging agency: OSt
- Transcribing agency: OSt
150 ## - HEADING--TOPICAL TERM
- Topical term or geographic name entry element: Social Theology
670 ## - SOURCE DATA FOUND
- Source citation: Work cat.: (OSt)1539: Kinsley R. David 2285, The Sword And The Flute, 1995









